banner-ar

موسوعة النقد السينمائى تشكل الوعى عبد القوى الناعمة / (Record no. 64973)

MARC details
000 -الفاتح
حقل البيانات ثابتة الطول 00873nam a22002417a 4500
005 - وقت وتاريخ اخر تعامل مع التسجيلة
رقم الضبط 20240530110800.0
008 - عناصر البيانات ثابتة الطول - معلومات عامة
حقل البيانات ثابتة الطول 190122s2016 ua ||||f |||| 00| |dara d
017 ## - رقم الايداع القانونى
رقم الايداع القانونى 2015/20861
المصدر ( الهيئة المختصة) مصر. دار الكتب
020 ## - الرقم الدولى المعيارى للكتب
الرقم الدولى المعيارى للكتاب 9789773804626
040 ## - مصدر الفهرسة
وكالة الفهرسة الأصلية EG-CaGPL
وكالة النسخ EG-CaGPL
082 04 - رقم تصنيف ديوى العشرى
رقم الطبعة 21
رقم التصنيف 791.43 /
رقم المادة ن م
100 0# - المدخل الرئيسى - إسم شخصى
الإسم الشخصى نهاد ابراهيم
245 10 - بيان العنوان
العنوان موسوعة النقد السينمائى تشكل الوعى عبد القوى الناعمة /
بيان المسئوليه,etc نهاد ابراهيم
250 ## - بيان الطبعة
بيان الطبعة ط.1
260 ## - PUBLICATION, DISTRIBUTION, ETC. (IMPRINT)
تاريخ النشر أو التوزيع 2016.
300 ## - الوصف المادى
التعداد 6 جزء ؛
أبعاد الوعاء 24 سم.
650 07 - المدخل الاضافى بالموضوع-مصطلح موضوعى
مصدر الرأس أو المصطلح qrmak
مصطلح موضوعي السينما
650 07 - المدخل الاضافى بالموضوع-مصطلح موضوعى
مصدر الرأس أو المصطلح qrmak
مصطلح موضوعي السينما
التقسيم الفرعي العام صناعة وتجارة
650 07 - المدخل الاضافى بالموضوع-مصطلح موضوعى
مصدر الرأس أو المصطلح qrmak
مصطلح موضوعي السينما
التقسيم الفرعي العام تاريخ ونقد
651 ## - المدخل الاضافى بالموضوع - اسم جغرافى
مصدر الرأس أو المصطلح qrmak
942 ## - عناصر المدخل الإضافي( كوها)
مصدر التصنيف او مخطط الترفيف Dewey Decimal Classification
Koha [default] item type كتاب
260 ## - PUBLICATION, DISTRIBUTION, ETC. (IMPRINT)
-- القاهرة :
-- دار العلوم للنشر والتوزيع،
Holdings
حالة التراجع حالة الفقد حالة تلف ليس للاعارة المكان المؤقت الموقع الحالى موقع الترفيف تاريخ الاكتساب اجمالي اﻻعارات رقم الطلب الباركود تاريخ اخر مشاهدة تاريخ تفعيل السعر نوع وعاء كوها
        مكتبة القاهرة الكبرى مكتبة القاهرة الكبرى   01/22/2019   791.43 / ن م 165502 01/22/2019 01/22/2019 كتاب
        مكتبة القاهرة الكبرى مكتبة القاهرة الكبرى   01/22/2019   791.43 / ن م 165503 01/22/2019 01/22/2019 كتاب
        مكتبة القاهرة الكبرى مكتبة القاهرة الكبرى   01/22/2019   791.43 / ن م 165504 01/22/2019 01/22/2019 كتاب
        مكتبة القاهرة الكبرى مكتبة القاهرة الكبرى   01/22/2019   791.43 / ن م 165505 01/22/2019 01/22/2019 كتاب
        مكتبة القاهرة الكبرى مكتبة القاهرة الكبرى   01/22/2019   791.43 / ن م 165506 01/22/2019 01/22/2019 كتاب
        مكتبة القاهرة الكبرى مكتبة القاهرة الكبرى   01/22/2019   791.43 / ن م 165507 01/22/2019 01/22/2019 كتاب

Powered By

EGPV